Statistics for The Tom Hardy quiz

Click here to take the quiz!

General Stats

  • This quiz has been taken 28 times
  • The average score is 9 of 13

Answer Stats

HintAnswer% Correct
How many GCSE's did Tom get?0
91%
Does Tom Hardy get femalesNo
91%
Can Tom readNo
91%
Can Tom writeNo
91%
How many BTEC's did Tom get1
82%
How old is Tom Hardy16
73%
Does Tom have severe autismYes
73%
Who is Tom's best friendElliot
64%
Who hates Tom HardyEveryone
64%
What team does Tom Hardy supportNewcastle
64%
What are the names of Toms brothersFreddie
Jimmy
55%
What is Tom's mam's nameRachel Henry
55%
Who is Tom's 2nd best friendMax
45%

Score Distribution

Percentile by Number Answered

Percent of People with Each Score

Your Score History

You have not taken this quiz